000 00606nam a22002177a 4500
001 00028862
005 20260423164453.0
008 260423b ag ||||| |||| 00| 0 spa d
020 _a8441302391
040 _aAR-CcCEOS
_bspa
_cAR-CcCEOS
041 _aspa
080 _a94(35)
090 _bKRA v.1
100 1 _aKramer, Samuel Noah,
_d1897-1990
_91110
245 _aLa cuna de la civilización :
_bVolumen I /
_cSamuel Noah Kramer
264 _aBarcelona :
_bFolio,
_c1996.
300 _a81 p. ;
_c30x28 cm.
490 _vAtlas culturales del mundo
655 0 _aarte
_9138
942 _2udc
_cBK
_n0
999 _c28904
_d28904